Personnage Arcane - Statistiques

Statistiques générales
  • Ce quiz a été pris 1 881 fois
  • Le résultat moyen est 8 sur 15
Answers on the Grid
Answers color-coded by a green-red scale on the quiz's grid according to % correct below.
Vi
Caitlyn
John
Jayce
Max
Heimerdinger
Power
Eddgar
Gabi
Rona
Sevika
Claggor
Chuck
Vander
Isha
Ekko
Clayton
Jinx
Rinn
Erika
Peltever
Loris
Grayson
Silco
Benzo
Nidarda
Viktor
Cassie
Vanola
Zaun
 
Statistiques - réponses
Réponse % Correct
Vi
95%
Caitlyn
87%
Heimerdinger
84%
Jayce
84%
Jinx
54%
Ekko
51%
Vander
51%
Viktor
47%
Silco
46%
Isha
42%
Sevika
40%
Claggor
33%
Benzo
26%
Loris
14%
Grayson
13%
Aucun quiz correspondant
Distribution des résultats
% des personnes avec chaque résultat
Percentile par nombre de réponses
Votre historique - résultats
Vous n’avez pas pris ce quiz